000 00609nam a2200193 i 4500
001 70519
003 ES-MaACL
005 20240509155843.0
007 t|
008 040727s1953 sp ||||1| spa d
100 1 _aGarcía Venero, Maximiano.
_955393
245 1 0 _aAntonio Maura
_b: 1907-1909 /
_cMaximiniano García Venero.
260 _aMadrid :
_bEdiciones del Movimiento,
_c1953 (
_fSamarán)
300 _a232 p. ;
_c21 cm.
600 1 4 _aMaura y Montaner, Antonio,
_d1853-1925
_979224
710 2 _aEdiciones del Movimiento.
_9171800
852 _aES-MaACL
_jC-5824
999 _c70519
_d70519